000 00303nam a2200133 i 4500
001 bg
100 1 _aACHMETOV, N. S.
245 0 _aNeorganiceskaja chimija /
_cN.S. Achmetov.
260 _aMoskva,
_c1975.
040 _cBPK
041 _apol
942 _cKS
008 s pl f |000 0 pol
999 _c16668
_d16668
856 _uhttp://koha.tu.koszalin.pl/cgi-bin/koha/opac-detail.pl?biblionumber=16668
_yKatalog online BPK